logo

Bir Sreshtho Munshi Abdur Rouf Library
Jhenaidah Cadet College

The outbreak of the Second World War, (Record no. 7387)

MARC details
000 -LEADER
fixed length control field 00686nam a22002411 4500
001 - CONTROL NUMBER
JCCL Control Number 7387
003 - CONTROL NUMBER IDENTIFIER
JCCL marc code BD-JhCC
005 - DATE AND TIME OF LATEST TRANSACTION
control field 20180417180532.0
008 - FIXED-LENGTH DATA ELEMENTS--GENERAL INFORMATION
fixed length control field 721213s1962 mau 000 0 eng
035 ## - SYSTEM CONTROL NUMBER
system control number (BD-JhCC)7387
040 ## - CATALOGING SOURCE
Original cataloging agency DLC
Transcribing agency DLC
Modifying agency DLC
-- BD-JhCC
041 ## - LANGUAGE CODE
Language code of Book eng
050 00 - LIBRARY OF CONGRESS CALL NUMBER
Classification number D742.G4
Item number S6
082 00 - DEWEY DECIMAL CLASSIFICATION NUMBER
Classification number 940.5311
Author mark and Year SNE 1962
100 1# - MAIN ENTRY--PERSONAL NAME
Personal name Snell, John L.,
245 14 - TITLE STATEMENT
Title The outbreak of the Second World War,
Remainder of title design or blunder? /
Statement of responsibility, etc Edited with an introd. by John L. Snell.
260 ## - PUBLICATION, DISTRIBUTION, ETC. (IMPRINT)
Place of publication, distribution, etc Boston,
Name of publisher, distributor, etc Heath
Date of publication, distribution, etc [1962]
300 ## - PHYSICAL DESCRIPTION
Pagination 107 p.
Dimensions 24 cm.
490 0# - SERIES STATEMENT
Series statement Problems in European civilization
650 #0 - SUBJECT ADDED ENTRY--TOPICAL TERM
Topical term or geographic name as entry element World War, 1939-1945
General subdivision Causes.
942 ## - ADDED ENTRY ELEMENTS (KOHA)
Source of classification or shelving scheme Dewey Decimal Classification
Koha item type Books
Holdings
Source of classification or shelving scheme Damaged status Not for loan Home library Current library Shelving location Total Checkouts Full call number Barcode Date last seen Copy number Koha item type
Dewey Decimal Classification     JCC Rouf Library JCC Rouf Library General Stacks   940.5311 SNE 1962 10016 02/08/2018 C - 1 Books

JCC Library | Contacts | JCC Home

Last Update on 23 September 2017
Copyright @ 2017-2020 JCC Rouf Library
Rouf Library, Jhenidah Cadet College (JCC), Bangladesh